| 000 -LEADER |
| fixed length control field |
01030nam a22002297a 4500 |
| 008 - FIXED-LENGTH DATA ELEMENTS--GENERAL INFORMATION |
| fixed length control field |
250528b xxu||||| |||| 00| 0 eng d |
| 040 ## - CATALOGING SOURCE |
| Original cataloging agency |
Cagayan State University |
| Description conventions |
RDA |
| 082 ## - DEWEY DECIMAL CLASSIFICATION NUMBER |
| Classification number |
791.4372 |
| Item number |
L855 2024 |
| 245 ## - TITLE STATEMENT |
| Title |
- Longing 2024 / directed and written by Savi Gabizon ; produced by Daniel Bekerman, Alexander Vinnitski, Neil Mathieson. |
| 260 ## - PUBLICATION, DISTRIBUTION, ETC. (IMPRINT) |
| Place of publication, distribution, etc |
Canada : |
| Name of publisher, distributor, etc |
Mongrel Media, |
| Date of publication, distribution, etc |
2024. |
| 300 ## - PHYSICAL DESCRIPTION |
| Extent |
1 videofile, (ca. 111 mins.) : |
| Other physical details |
sound, color. |
| 520 ## - SUMMARY, ETC. |
| Summary, etc |
A business mogul runs into his old small town girlfriend while she is visiting the big city only to find out that they had a child together that he was unaware of. Based on an award-winning foreign language film. |
| 521 ## - TARGET AUDIENCE NOTE |
| Target audience note |
Rated R for some sexual content, partial nudity and language. |
| 650 ## - SUBJECT ADDED ENTRY--TOPICAL TERM |
| Topical term or geographic name as entry element |
Comedy. |
| 650 ## - SUBJECT ADDED ENTRY--TOPICAL TERM |
| Topical term or geographic name as entry element |
Drama. |
| 700 ## - ADDED ENTRY--PERSONAL NAME |
| Personal name |
Gere, Richard, star. |
| 700 ## - ADDED ENTRY--PERSONAL NAME |
| Personal name |
Clément, Suzanne, star. |
| 700 ## - ADDED ENTRY--PERSONAL NAME |
| Personal name |
Kruger, Diane, star. |
| 700 ## - ADDED ENTRY--PERSONAL NAME |
| Personal name |
Sarossy, Paul, cinematographer. |
| 700 ## - ADDED ENTRY--PERSONAL NAME |
| Personal name |
Halter-Shenkar, Tali, editor. |
| 942 ## - ADDED ENTRY ELEMENTS (KOHA) |
| Source of classification or shelving scheme |
|
| Item type |
Audio-Visual Materials |